Architectural practice (Record no. 10743)
[ view plain ]
| 000 -LEADER | |
|---|---|
| fixed length control field | 00314nam a2200121 4500 |
| 003 - CONTROL NUMBER IDENTIFIER | |
| control field | OSt |
| 005 - DATE AND TIME OF LATEST TRANSACTION | |
| control field | 20220701121151.0 |
| 008 - FIXED-LENGTH DATA ELEMENTS--GENERAL INFORMATION | |
| fixed length control field | 220701b ||||| |||| 00| 0 eng d |
| 100 ## - MAIN ENTRY--PERSONAL NAME | |
| Personal name | Clinton H cowgill and ben john small |
| 245 ## - TITLE STATEMENT | |
| Title | Architectural practice |
| 260 ## - PUBLICATION, DISTRIBUTION, ETC. (IMPRINT) | |
| Name of publisher, distributor, etc | Reinhold publishing corporation |
| 942 ## - ADDED ENTRY ELEMENTS (KOHA) | |
| Source of classification or shelving scheme | |
| Withdrawn status | Lost status | Source of classification or shelving scheme | Damaged status | Not for loan | Permanent location | Current location | Date acquired | Barcode | Date last seen | Price effective from | Non-public note | Koha item type | Public note |
|---|---|---|---|---|---|---|---|---|---|---|---|---|---|
| BMS College of Architecture, Design and Planning | BMS College of Architecture, Design and Planning | 2022-07-01 | AR-DB423 | 2022-07-01 | 2022-07-01 | Donated by Ar. K.V. Harsha Babu, Harsha Design Associates | Donated Book | Donated by Ar. K.V. Harsha Babu, Harsha Design Associates |